Tạo dựng sự khác biệt

Uloženo v:
Podrobná bibliografie
Hlavní autor: Maxwell, John C.
Další autoři: Vân, Anh (Dịch)
Médium: Kniha
Jazyk:Vietnamese
Vydáno: Hà Nội Lao động ; Công ty Sách Alpha 2018
Vydání:Tái bản lần thứ 4
Témata:
Tagy: Přidat tag
Žádné tagy, Buďte první, kdo otaguje tento záznam!
Thư viện lưu trữ: Trung tâm Học liệu Lê Vũ Hùng, Trường Đại học Đồng Tháp
LEADER 00915pam a22002658a 4500
001 00045971
005 20201202101228.0
008 130124s2012 ||||||viesd
020 # # |a 9786045995181  |c 79000 
041 0 # |a vie 
082 1 4 |a 650.1  |b T108D 
100 1 # |a Maxwell, John C. 
245 1 0 |a Tạo dựng sự khác biệt  |c John C. Maxwell; Vân Anh (dịch) 
250 # # |a Tái bản lần thứ 4 
260 # # |a Hà Nội  |b Lao động ; Công ty Sách Alpha  |c 2018 
300 # # |a 192 tr.  |c 21 cm 
500 # # |a Tên sách tiếng Anh: The difference maker: Making your attitude your greatest asset 
653 # # |a Bí quyết 
653 # # |a Cuộc sống 
653 # # |a Kỹ năng 
653 # # |a Thành công 
700 # # |a Vân, Anh  |e Dịch 
852 # # |j KD.0027470 
910 # # |d 25/11/2020 
980 # # |a Trung tâm Học liệu Lê Vũ Hùng, Trường Đại học Đồng Tháp